Wissenschaft im Würgegriff von SED und DDR-Zensur
| Titel: | Wissenschaft im Würgegriff von SED und DDR-Zensur : ein nicht nur persönlicher Rückblick eines theologischen Schleiermacher-Forschers auf die Zeit des Prager Frühlings ; nebst einem Exkurs über das Verhältnis zwischen der ersten textkritischen Ausgabe der Christlichen Sittenlehre Schleiermachers und den monarchischen, vordemokratischen Grundsätzen der Kritischen Schleiermacher-Gesamtausgabe / Hermann Peiter |
|---|---|
| Verfasser: | |
| Veröffentlicht: | Berlin : Lit, 2006 |
| Umfang: | 284 Seiten : Illustrationen ; 24 cm |
| Format: | Buch |
| Sprache: | Deutsch |
| Schriftenreihe/ mehrbändiges Werk: |
Beiträge zu Theologie, Kirche und Gesellschaft im 20. Jahrhundert ; 10 |
| RVK-Notation: |
·
·
|
| ISBN: | 9783825879075 ; 3825879070 |
| Hinweise zum Inhalt: |
Rezension
Inhaltsverzeichnis Buch Bibliographie Cover Abstract |
alg: 18581803 001A $06000:25-04-07 001B $01999:14-06-24 $t14:48:43.000 001D $03032:25-05-07 001U $0utf8 001X $00 002@ $0Aau 002C $aText $btxt $2rdacontent 002D $aohne Hilfsmittel zu benutzen $bn $2rdamedia 002E $aBand $bnc $2rdacarrier 003@ $018581803X 003O $0173319222 $aOCoLC 004A $A978-3-8258-7907-5 $fkart. : EUR 24.90, sfr 37.90 004A $03-8258-7907-0 $fkart. : EUR 24.90, sfr 37.90 004K $09783825879075 006G $0981694705 006T $006,N47,2094 006U $007,A14,0300 $f20061026 007A $0981694705 $aDNB 007G $0DE020C756AB97E802F9D2C12587E5003EEAEC 009P $qapplication/pdf $A2 $3Rezension $uhttp://scans.hebis.de/HEBCGI/show.pl?18581803_rez.pdf $mV:DE-576;B:DE-21 009P $qapplication/pdf $A2 $3Inhaltsverzeichnis $uhttp://scans.hebis.de/HEBCGI/show.pl?18581803_toc.pdf $mV:DE-603;B:DE-Mb50 009P $qapplication/pdf $A2 $3Buch Bibliographie $uhttp://scans.hebis.de/HEBCGI/show.pl?18581803_bib.pdf $mV:DE-603;B:DE-Mb50 009P $qapplication/pdf $A2 $3Cover $uhttp://scans.hebis.de/HEBCGI/show.pl?18581803_cov.pdf $mV:DE-603;B:DE-Mb50 009P $qapplication/pdf $A2 $3Abstract $uhttp://scans.hebis.de/HEBCGI/show.pl?18581803_sum.pdf $mV:DE-603;B:DE-Mb50 010@ $ager 011@ $a2006 013D $RQuelle $RBericht $RTagebuch $#Personal narratives $#Récits personnels $#Augenzeugenbericht Formschlagwort $#Eindrücke Formschlagwort $#Erlebnisgeschichte $#Reportage Formschlagwort $#Erfahrungsbericht $#Persönlicher Bericht $74133254-4 $8Erlebnisbericht [Ts1] $9085482919 013D $RAutobiografische Literatur $RBiografie $RErlebnisbericht $RQuelle $RTagebuch $#Autobiography $#Autobiographie $#Autobiographies $#Autobiographies $#Autobiographie $#Autobiographisches Erzählen $#Autobiografisches Erzählen $#Erinnerungen Formschlagwort $#Lebenserinnerungen $#Memoiren $#Selbstbiographie $#Selbstbiografie $#Autobiographik $#Autobiografik $74003939-0 $8Autobiografie [Ts1] $9085002275 $y1968-1969 017A $asf 021A $aWissenschaft im Würgegriff von SED und DDR-Zensur $dein nicht nur persönlicher Rückblick eines theologischen Schleiermacher-Forschers auf die Zeit des Prager Frühlings ; nebst einem Exkurs über das Verhältnis zwischen der ersten textkritischen Ausgabe der Christlichen Sittenlehre Schleiermachers und den monarchischen, vordemokratischen Grundsätzen der Kritischen Schleiermacher-Gesamtausgabe $hHermann Peiter 028A $BVerfasser $4aut $7106275380 $8Peiter, Hermann$Z1935-2022 [Tp1] $9141265078 033A $pBerlin $nLit 034D $a284 Seiten 034I $a24 cm 034M $aIllustrationen 036E $aBeiträge zu Theologie, Kirche und Gesellschaft im 20. Jahrhundert $l10 036F $x210 $8Beiträge zu Theologie, Kirche und Gesellschaft im 20. Jahrhundert $9186281668 $l10 037A $aLiteraturverzeichnis Seite [276]-284 044K $qDNB $7106275380 $8Peiter, Hermann$Z1935-2022 [Tp1] $9141265078 044K $qDNB $RDeutschland $RDeutschland $ROstdeutschland $RDeutschland $RDeutschland $#DDR $#DDR $#Deutsche Demokratische Republik $#DDR $#Deutschland 1949-1990, DDR $#German Democratic Republic $#GDR $#République Démocratique Allemande $#RDA $#Germanskaja Demokratičeskaja Respublika $#Demokratičeskaja Respublika Deutschland, DDR $#Democratic Republic Deutschland, DDR $#Demokratische Republik Deutschland, DDR $#Niemiecka Republika Demokratyczna $#NRD $#Ǧumhūrīyat Almāniyā ad-Dīmuqrāṭīya $#República Democrática Alemana $#Saksan Demokraattisen Tasavallan $#Repubblica Democratica Tedesca $#Mitteldeutschland DDR $#Ostdeutschland DDR $#East Germany DDR $#Ostzone $74011890-3 $8Deutschland$gDDR [Tgz] $9085025615 044K $qDNB $RTheologe $REvangelische Theologin $#Theologians $#Théologiens $#Theologe Evangelische Kirche $74015882-2 $8Evangelischer Theologe [Ts1] $9085037052 044K $qDNB $RVerfolgung $RPolitisch Verfolgter $#State-sponsored terrorism $#Political persecution $#Terrorisme d'État $#Répression politique $#Terrorismo de Estado $#Politische Repression $#politische Verfolgung $#Terror $#Staatsterrorismus $#Staat Terror $74046565-2 $8Politische Verfolgung [Ts1] $9085129992 044K $qDNB $RZensor $#Censorship $#Censure $#Censura $#Censura $#Zensur $#Zensur $#Kommunikationskontrolle Zensur $74067601-8 $8Zensur [Ts1] $9085190012 044K $qDNB $#Christliche Sitte $#Christliche Sittenlehre $#Die @christliche Sitte nach den Grundsätzen der evangelischen Kirche im Zusammenhang dargestellt $#Schleiermacher, Friedrich $#086949020 $#Jonas, Ludwig $#086835939 $74582490-3 $8Schleiermacher, Friedrich$Z1768-1834 [Tp1]$aDie @christliche Sitte nach den Grundsätzen der evangelischen Kirche im Zusammenhange dargestellt [Tu1] $9090894235 044K $qDNB $#Criticism, Textual $#Critique textuelle $#Critica del testo $74059657-6 $8Textkritik [Ts1] $9085165956 044K $qDNB $RAusgabe $RHerausgeber $#Editing $#Édition critique $#Edición $#Editionstechnik $#Editionstätigkeit $#Textedition $#Editionswissenschaft $#Editionsphilologie $#Edieren $#Editionsvorhaben $#Editorik $74132033-5 $8Edition [Ts1] $9085473367 044K $RReformkommunismus $#Czechoslovakia History Intervention, 1968 $#Tchécoslovaquie 1968 (Printemps de Prague et intervention) $#Checoslovaquia Historia 1968 (Intervención soviética) $#Prager Frühling $74175577-7 $8Prager Frühling [Ts1] $9085822272 044K $RForschung $RPseudowissenschaft $RWissenschaftlichkeit $#Sciences $#Sciences $#Bürgerliche Wissenschaft $#Wissenschaften $74066562-8 $8Wissenschaft [Ts1] $9085187151 045B $a338.9743106 $ALoC $eDDC22oclc 045E $c230 045F $a241.092 $eDDC22ger 045F/01 $a241 045F/03 $f092 045G $a370.943109046 $eDDC23BSB 045G/01 $a370.9 045G/03 $f09046 045G/03 $g431 045R $aGeschichte 1968-1969 045Z $8BW 30197 [Tkv] $9407541306 045Z $8BP 5650 [Tkv] $9407479333 045Z $8CG 6877 [Tkv] $9407636234 lok: 18581803 24 exp: 18581803 24 1 #EPN 201B/01 $023-12-21 $t08:32:56.000 201C/01 $022-12-21 201U/01 $0utf8 203@/01 $01175450448 208@/01 $a23-12-21 $bz 209A/01 $a21.07023 $du $f050 $h21 07023 $x00 209C/01 $a21.07023 T $h21 07023 T 209G/01 $a74596576 $x00 220C/01 $ahae 247C/01 $8358050-7Marburg, Bibliothek des Herder-Instituts Marburg $9102600961 lok: 18581803 204 exp: 18581803 204 1 #EPN 201B/01 $013-08-07 $t12:15:20.000 201C/01 $027-06-07 201U/01 $0utf8 203@/01 $0505913224 208@/01 $a27-06-07 $bzbbb 209A/01 $a009 rel Tk 6.16 $du $f009 $x00 209G/01 $a83564873 $x00 245S/01 $a09007b53b $x01 247C/01 $8631009-6 <26/009>Gießen, Universität Gießen, Zweigbibliothek der UB im Philosophikum II $9102596743
| LEADER | 00000cam a2200000 c 4500 | ||
|---|---|---|---|
| 001 | 18581803X | ||
| 003 | DE-603 | ||
| 005 | 20240614144843.0 | ||
| 007 | tu | ||
| 008 | 070425s2006 xx |||| | u00||u|ger | ||
| 015 | |a 07,A14,0300 |z 06,N47,2094 |2 dnb | ||
| 016 | 7 | |2 DE-101 |a 981694705 | |
| 020 | |a 9783825879075 |c kart. : EUR 24.90, sfr 37.90 | ||
| 020 | |a 3825879070 |c kart. : EUR 24.90, sfr 37.90 | ||
| 024 | 3 | |a 9783825879075 | |
| 035 | |a (DE-599)DNB981694705 | ||
| 035 | |a (OCoLC)173319222 | ||
| 040 | |a DE-603 |b ger |c DE-603 |d DE-603 | ||
| 041 | |a ger | ||
| 082 | 0 | 4 | |8 1\u |a 241.092 |q DE-101 |2 22/ger |
| 083 | 0 | |8 2\u |a 370.943109046 |q DE-101 |2 23/BSB | |
| 083 | 7 | |8 3\p |a 338.9743106 |2 22/oclc | |
| 084 | |a 230 |q DE-101 |2 sdnb | ||
| 084 | |a BW 30197 |0 (DE-625)17337:11768 |0 (DE-603)407541306 |2 rvk | ||
| 084 | |a BP 5650 |0 (DE-625)15048: |0 (DE-603)407479333 |2 rvk | ||
| 084 | |a CG 6877 |0 (DE-625)18266:11616 |0 (DE-603)407636234 |2 rvk | ||
| 085 | |8 1\u |b 241 | ||
| 085 | |8 1\u |z 1 |s 092 | ||
| 085 | |8 2\u |b 370.9 | ||
| 085 | |8 2\u |z 1 |s 09046 | ||
| 085 | |8 2\u |z 2 |s 431 | ||
| 090 | |a b | ||
| 100 | 1 | |a Peiter, Hermann |d 1935-2022 |e Verfasser |4 aut |0 (DE-603)141265078 |0 (DE-588)106275380 |2 gnd | |
| 245 | 0 | 0 | |a Wissenschaft im Würgegriff von SED und DDR-Zensur |b ein nicht nur persönlicher Rückblick eines theologischen Schleiermacher-Forschers auf die Zeit des Prager Frühlings ; nebst einem Exkurs über das Verhältnis zwischen der ersten textkritischen Ausgabe der Christlichen Sittenlehre Schleiermachers und den monarchischen, vordemokratischen Grundsätzen der Kritischen Schleiermacher-Gesamtausgabe |c Hermann Peiter |
| 264 | 1 | |a Berlin |b Lit |c 2006 | |
| 300 | |a 284 Seiten |b Illustrationen |c 24 cm | ||
| 336 | |a Text |b txt |2 rdacontent | ||
| 337 | |a ohne Hilfsmittel zu benutzen |b n |2 rdamedia | ||
| 338 | |a Band |b nc |2 rdacarrier | ||
| 490 | 1 | |a Beiträge zu Theologie, Kirche und Gesellschaft im 20. Jahrhundert |v 10 | |
| 500 | |a Literaturverzeichnis Seite [276]-284 | ||
| 600 | 1 | 7 | |a Peiter, Hermann |d 1935-2022 |0 (DE-588)106275380 |0 (DE-603)141265078 |2 gnd |
| 600 | 1 | 7 | |a Schleiermacher, Friedrich |d 1768-1834 |t Die christliche Sitte nach den Grundsätzen der evangelischen Kirche im Zusammenhange dargestellt |0 (DE-588)4582490-3 |0 (DE-603)090894235 |2 gnd |
| 648 | 7 | |a Geschichte 1968-1969 |2 gnd | |
| 650 | 7 | |a Evangelischer Theologe |0 (DE-588)4015882-2 |0 (DE-603)085037052 |2 gnd | |
| 650 | 7 | |a Politische Verfolgung |0 (DE-588)4046565-2 |0 (DE-603)085129992 |2 gnd | |
| 650 | 7 | |a Zensur |0 (DE-588)4067601-8 |0 (DE-603)085190012 |2 gnd | |
| 650 | 7 | |a Textkritik |0 (DE-588)4059657-6 |0 (DE-603)085165956 |2 gnd | |
| 650 | 7 | |a Edition |0 (DE-588)4132033-5 |0 (DE-603)085473367 |2 gnd | |
| 650 | 7 | |a Prager Frühling |0 (DE-588)4175577-7 |0 (DE-603)085822272 |2 gnd | |
| 650 | 7 | |a Wissenschaft |0 (DE-588)4066562-8 |0 (DE-603)085187151 |2 gnd | |
| 651 | 7 | |a Deutschland |g DDR |0 (DE-588)4011890-3 |0 (DE-603)085025615 |2 gnd | |
| 655 | 7 | |a Erlebnisbericht |2 gnd-content |0 (DE-588)4133254-4 |0 (DE-603)085482919 | |
| 655 | 7 | |a Autobiografie |y 1968-1969 |2 gnd-content |0 (DE-588)4003939-0 |0 (DE-603)085002275 | |
| 830 | 0 | |t Beiträge zu Theologie, Kirche und Gesellschaft im 20. Jahrhundert |v 10 |w (DE-603)186281668 |w (DE-600)2090890-8 |9 210 |7 as | |
| 856 | 4 | 2 | |m V:DE-576;B:DE-21 |q application/pdf |u http://scans.hebis.de/HEBCGI/show.pl?18581803_rez.pdf |3 Rezension |
| 856 | 4 | 2 | |m V:DE-603;B:DE-Mb50 |q application/pdf |u http://scans.hebis.de/HEBCGI/show.pl?18581803_toc.pdf |3 Inhaltsverzeichnis |
| 856 | 4 | 2 | |m V:DE-603;B:DE-Mb50 |q application/pdf |u http://scans.hebis.de/HEBCGI/show.pl?18581803_bib.pdf |3 Buch Bibliographie |
| 856 | 4 | 2 | |m V:DE-603;B:DE-Mb50 |q application/pdf |u http://scans.hebis.de/HEBCGI/show.pl?18581803_cov.pdf |3 Cover |
| 856 | 4 | 2 | |m V:DE-603;B:DE-Mb50 |q application/pdf |u http://scans.hebis.de/HEBCGI/show.pl?18581803_sum.pdf |3 Abstract |
| 883 | 0 | |8 3\p |q LoC | |
| 924 | 0 | |9 Mb 50 |a (DE-603)1175450448 |b DE-Mb50 |c HES |d c |g 21.07023 | |
| 924 | 0 | |9 26/009 |a (DE-603)505913224 |b DE-26-009 |c HES |d c |g 009 rel Tk 6.16 | |


